000 00642nam a2200217Ia 4500
001 1564
003 GE_BSU
008 181216s||||||||xx |||||||||||||| ||und||
040 _cGE_BSU
080 _a517(075.8)
100 _aКаплан,И.А.
245 _aПрактические занятия по высшей математике.Ч.1.
250 _aИзд 2-ое, стереот.
260 _aХарьков.
260 _bИзд-во ун-та.
260 _c1972.
300 _a412стр.21см.
541 _h15л.
653 _aПрактические занятия по высшей математике.
942 _cBK
999 _c35691
_d35691